|
|
|
|
| LEADER |
00000ckm a2200000 a 4500 |
| 001 |
vtls001405459 |
| 003 |
SK-MaSNL |
| 005 |
20260331204326.0 |
| 007 |
kf co |
| 008 |
200701q2001 xo g 0kuslo |
| 015 |
|
|
|a SNBG2001/01-00452
|
| 035 |
|
|
|a SNK000360079
|
| 040 |
|
|
|a SNK
|b slo
|c SNK
|e AACR2
|
| 041 |
0 |
|
|a slo
|
| 043 |
|
|
|a e-xo---
|
| 044 |
|
|
|a xo
|c SK
|
| 072 |
|
7 |
|a 913
|x Regionálna geografia
|2 konspekt
|
| 080 |
|
|
|a 913(437.6)
|2 2011
|
| 080 |
|
|
|a 908(437.6)
|2 2011
|
| 080 |
|
|
|a 904(084.121)
|2 2011
|
| 080 |
|
|
|a 913.437.647(084.121)
|2 1981
|
| 100 |
1 |
|
|a Tarábek, Ján,
|d 1978-
|4 pht
|9 178454
|
| 245 |
1 |
0 |
|a Pozdrav z Liptova
|h grafika
|b Nižná a Výšná Boca : Liptovský Hrádok : Vodná nádrž Čierny Váh : Malužiná
|c foto Ján Tarábek
|
| 246 |
1 |
|
|i Názov na obrazovej časti:
|a Pozdrav z Liptova
|
| 260 |
|
|
|a [Nitra]
|b FOTAR
|c [2001?]
|e Skalica
|f Grafobal
|
| 300 |
|
|
|a 1 pohľadnica (5 čiastkových pohľadov)
|b farebná
|c 15 x 11 cm
|
| 500 |
|
|
|a Rok vydania určený na základe prírastkového čísla
|
| 500 |
|
|
|a Na adresnej časti uvedené: "FOTO © Ing. Ján Tarábek"
|
| 500 |
|
|
|a Na adresnej časti uvedené telefónne číslo a e-mail vydavateľstva
|
| 520 |
8 |
|
|a Zobrazenie:
|
| 651 |
|
7 |
|a Liptov (Slovensko : región)
|2 SNKPHgeo
|9 151081
|
| 655 |
|
7 |
|a pohľadnice kultúrnych pamiatok
|2 SNKPH
|9 70523
|
| 655 |
|
7 |
|a geografické pohľadnice
|2 SNKPH
|9 70522
|
| 655 |
|
7 |
|a miestne pohľadnice
|2 SNKPH
|9 70510
|
| 958 |
|
|
|a GBN
|
| 958 |
|
|
|a GC
|
| 958 |
|
|
|a OND
|
| 999 |
|
|
|c 725007
|d 726937
|
| 952 |
|
|
|t P60, <03>, [BOOK], {603}
|a SNK
|b SNK
|y PREZ
|7 0
|p 17A1288444
|o snkSP 150712
|i snkPV 90/2001
|0 0
|1 0
|4 0
|d 2001-01-23
|f 1
|l 0
|r 2005-01-02 00:00:00
|w 2026-02-23
|
| 952 |
|
|
|t P60, <04>, [BOOK], {604}
|a SNK
|b SNK
|y PREZ
|7 0
|p 17A1288445
|o snkSP 150712 D1
|i snkPV 91/2001
|0 0
|1 0
|4 0
|d 2001-01-23
|l 0
|r 2005-01-02 00:00:00
|w 2026-02-23
|